Géographie de la France par lettre - F - Statistiques

Statistiques générales
  • Ce quiz a été pris 17 500 fois
    15 740 depuis la dernière actualisation
  • Le résultat moyen est 9 sur 20
Statistiques - réponses
Question Réponse % Correct
Département le plus occidental de métropole Finistère
90%
Avec Wallis, cette île forme une collectivité d'outre-mer Futuna
90%
Chef-lieu de la Martinique Fort-de-France
82%
Forteresse navale de Charente-Maritime, aujourd'hui lieu de tournage d'un jeu télévisé populaire Fort Boyard
77%
Région historique de la France regroupant 4 départements et ayant Besançon comme capitale Franche-Comté
75%
La France possède une partie de ce comté historique. La Belgique et les Pays-Bas se partagent le reste Flandre
67%
Vauban et Maginot en ont construit près des frontières du pays Fortifications
60%
Ville côtière du Var. Près de Saint-Raphaël Fréjus
57%
Chef-lieu de l'Ariège Foix
55%
Sous-préfecture de Seine-et-Marne, connue pour son château. Fontainebleau
54%
Ville de la banlieue de Bastia. L'effondrement d'une tribune en 1992 y avait fait 18 morts Furiani
44%
Troisème ville la plus peuplée d'Ille-et-Vilaine et sous-préfecture Fougères
30%
Sous-préfecture mosellane avec un important passé minier Forbach
22%
Archipel composé de 4 îles et situé au large de Marseille Archipel du {Frioul}
20%
Région naturelle et historique, principalement située sur le département de la Loire Forez
20%
Sous-préfecture du Lot peuplée de près de 10 000 habitants Figeac
17%
Ancien chef-lieu de la Vendée Fontenay-le-Comte
15%
Sous préfecture des Alpes-de-Haute-Provence. Christophe Castaner en a été maire Forcalquier
14%
Ville de la banlieue de Saint-Etienne, aux portes de la Haute-Loire Firminy
11%
Commune la plus peuplée de Polynésie française Faaa
10%
Aucun quiz correspondant
Distribution des résultats
% des personnes avec chaque résultat
Percentile par nombre de réponses
Votre historique - résultats
Vous n’avez pas pris ce quiz depuis la dernière actualisation